| 000 | 00499nam a2200181Ia 4500 | ||
|---|---|---|---|
| 003 | GCL | ||
| 008 | 140319s9999 xx 000 0 eng d | ||
| 040 |
_aGCL / _cGCL |
||
| 082 | 0 | 4 |
_a005.1 _bE A |
| 100 | 1 | _aEGGEN, MAURICE | |
| 245 | 1 | 0 |
_aAN INTRODUCTION TO COMPUTER SCIENCE USING C / _cEGGEN, MAURICE |
| 700 | 1 | _aEGGEN, ROGER | |
| 260 |
_a[S.N] : _bPWS PUBLISHING COMPANY ، _c1994 |
||
| 300 | _a390.P | ||
| 650 | 0 | 4 | _aشعر الحرب |
| 650 | 0 | 4 | _aCOMPUTER PROGRAM LANGUAGE |
| 942 |
_2ddc _cBK |
||
| 999 |
_c23011 _d23011 |
||